Culturally adaptive counseling skills : (Record no. 6243)

MARC details
000 -LEADER
fixed length control field 00866nam a22002057a 4500
003 - CONTROL NUMBER IDENTIFIER
control field OSt
005 - DATE AND TIME OF LATEST TRANSACTION
control field 20251125113030.0
008 - FIXED-LENGTH DATA ELEMENTS--GENERAL INFORMATION
fixed length control field 251125b |||||||| |||| 00| 0 eng d
020 ## - INTERNATIONAL STANDARD BOOK NUMBER
International Standard Book Number 978-1-4129-8721-9 (pbk)
040 ## - CATALOGING SOURCE
Original cataloging agency DWC-Main lib.
Transcribing agency OC
082 ## - DEWEY DECIMAL CLASSIFICATION NUMBER
Classification number Circ. 361.06 G164 2012
100 ## - MAIN ENTRY--PERSONAL NAME
Personal name Gallardo, Miguel E.
245 ## - TITLE STATEMENT
Title Culturally adaptive counseling skills :
Remainder of title demonstrations of evidence-based practices/
Statement of responsibility, etc. Miguel E. Gallardo
260 ## - PUBLICATION, DISTRIBUTION, ETC.
Place of publication, distribution, etc. Los Angeles, California :
Name of publisher, distributor, etc. SAGE Publications,
Date of publication, distribution, etc. c2012.
300 ## - PHYSICAL DESCRIPTION
Extent xv, 365 pages :
Other physical details illustrations ;
Dimensions 26 cm.
504 ## - BIBLIOGRAPHY, ETC. NOTE
Bibliography, etc. note Includes bibliographical references.
650 ## - SUBJECT ADDED ENTRY--TOPICAL TERM
Topical term or geographic name entry element 1. Cross-cultural counseling--United States.
650 ## - SUBJECT ADDED ENTRY--TOPICAL TERM
Topical term or geographic name entry element 2. Minorities--Counseling of--United States. I. Gallardo, Miguel E. II. Yeh, Christine J. III. Trimble, Joseph E. IV. Parham, Thomas A.
942 ## - ADDED ENTRY ELEMENTS (KOHA)
Source of classification or shelving scheme Dewey Decimal Classification
Koha item type Book Circulation
Call number prefix Circ.
Suppress in OPAC No
952 ## - LOCATION AND ITEM INFORMATION (KOHA)
--
Holdings
Withdrawn status Lost status Source of classification or shelving scheme Damaged status Not for loan Home library Current library Shelving location Date acquired Source of acquisition Total Checkouts Full call number Barcode Date last seen Copy number Price effective from Koha item type Uniform Resource Identifier
    Dewey Decimal Classification     College Library College Library Circulation 04/11/2014 School Fund   Circ. 361.06 G164 2012 CL50658 11/25/2025 c1 11/25/2025 BK-CIRC